000 00292nam a22001337a 4500
008 170404b xxu||||| |||| 00| 0 eng d
020 _a9780130831347
041 _aeng
080 _27 ED
_a574
100 _a9
101 _aSHM
245 _aENVIROMENTAL SCIENCE
_cNEBEL.B.J
942 _2udc
_cBK
999 _c9671
_d9671